Top ICTe companies (Record no. 187936)

MARC details
000 -LEADER
fixed length control field 00299nam a2200097Ia 4500
082 ## - DEWEY DECIMAL CLASSIFICATION NUMBER
Classification number 338.76100402568 TOPI
008 - FIXED-LENGTH DATA ELEMENTS--GENERAL INFORMATION
fixed length control field 210817s9999 xx 000 0 und d
100 ## - MAIN ENTRY--PERSONAL NAME
Personal name Corporate Research Foundation (South Africa) Cape Town, 2005 4th ed
9 (RLIN) 59778
245 #0 - TITLE STATEMENT
Title Top ICTe companies
942 ## - ADDED ENTRY ELEMENTS
item type Books
Holdings
Withdrawn status Lost status Damaged status Not for loan Home library Current library Date acquired Cost, normal purchase price Total Checkouts Barcode Date last seen Price effective from item type
        eMbalenhle eMbalenhle 18.08.2021 195.00   33228019034824 18.08.2021 18.08.2021 Books